000 01187nam0a22002891 4500
001 rc\3977859
005 20250611043540.0
021 _aRU
_b[55-40155]
035 _a(NLR Aleph) 008059851
090 _a8995755
_c8995755
100 _a20130415d1955 |||y0rusy50 ca
101 0 _arus
102 _aRU
105 _aa z |||||
200 1 _aМатериаловедение
_e[Учеб. пособие для подготовки и повышения квалификации работников прачечных и бань]
210 _aМосква
_cИзд-во М-ва коммун. хозяйства РСФСР
_d1955
215 _a160 с.
_cил.
_d22
300 _aПеред загл. авт.: И.П. Попов, канд. биол. наук
320 _aБиблиогр.: с. 157
606 _aПрачечное дело
_xМатериаловедение
_2psbo
700 1 _aПопов
_bИ. П.
_cканд. биол. наук, материаловедение
_gИван Петрович
_9228026
_3RU\NLR\AUTH\770228082
801 0 _aRU
_bNLR
_gpsbo
801 1 _aRU
_bELAR
_2rusmarc
852 _aNLR
_jМд96 Г-5/271
942 _cBOOK
980 _aNB